Alfabeti: preistoria e storia del linguaggio scritto (Record n. 87875)
[ formato base ]
| 000 -LEADER | |
|---|---|
| fixed length control field | 01450nam a2200313Ia 4500 |
| 001 - CONTROL NUMBER | |
| control field | G5127 |
| 003 - CONTROL NUMBER IDENTIFIER | |
| control field | IT-RoPAU |
| 008 - FIXED-LENGTH DATA ELEMENTS--GENERAL INFORMATION | |
| fixed length control field | 130308s9999 xx 000 0 und d |
| 040 ## - CATALOGING SOURCE | |
| Original cataloging agency | IT-RoPAU |
| 040 ## - CATALOGING SOURCE | |
| Transcribing agency | IT-RoPAU |
| 041 ## - LANGUAGE CODE | |
| Language code of text/sound track or separate title | ITALIANO |
| 100 ## - MAIN ENTRY--PERSONAL NAME | |
| Personal name | AA.VV. |
| 100 ## - MAIN ENTRY--PERSONAL NAME | |
| Miscellaneous information | Codice Aut. SPICS: 12000 |
| 245 ## - TITLE STATEMENT | |
| Title | Alfabeti: preistoria e storia del linguaggio scritto |
| 245 ## - TITLE STATEMENT | |
| Remainder of title | Alfabeti: Preistoria e storia del Linguaggio Scritto |
| 250 ## - EDITION STATEMENT | |
| Edition statement | 1a ed. |
| 260 ## - PUBLICATION, DISTRIBUTION, ETC. (IMPRINT) | |
| Place of publication, distribution, etc. | COLOGNOLA AI COLLI (VR) |
| 260 ## - PUBLICATION, DISTRIBUTION, ETC. (IMPRINT) | |
| Name of publisher, distributor, etc. | Demetra |
| 260 ## - PUBLICATION, DISTRIBUTION, ETC. (IMPRINT) | |
| Date of publication, distribution, etc. | 2000 [1° Ed.:2000 - Ed.Ling.Originale:2000] |
| 300 ## - PHYSICAL DESCRIPTION | |
| Extent | "256 p. (prefazione: no ; testo: 256 [pagine: 0-0])" |
| 500 ## - GENERAL NOTE | |
| General note | Piu' che una Storia della Scrittura, I Saggi Forniscono le linee della Storia della Sua invenzione nel Vicino Oriente e Sulle Sponde del Mediterraneo, Dai sistemi Misti (Ideografici e Fonografici), Basati Sull'Intuizione della Sillaba, All'Introduzione in Grecia delle lettere Fenice e di Qui Agli Alfabeti della Nuova Europa. Homo Scribens del curatore Mario Negri. Alle Origini della Scrittura. Vicino Oriente Cuneiforme. Scritture dell'Egiziano. Scritture Egee. Alfabeti Semitici del Secondo Millennio. Alfabeto Greco. Alfabeto Etrusco. Alfabeti D'Italia. Alfabeti della Nuova Europa. |
| 650 ## - SUBJECT ADDED ENTRY--TOPICAL TERM | |
| Topical term or geographic name as entry element | SAGGI DI LINGUISTICA |
| 650 ## - SUBJECT ADDED ENTRY--TOPICAL TERM | |
| Relator term | Codice materia Spics: 3207 |
| 700 ## - ADDED ENTRY--PERSONAL NAME | |
| Personal name | Negri Mario |
| 700 ## - ADDED ENTRY--PERSONAL NAME | |
| Miscellaneous information | Codice Aut. SPICS: 54972 |
| 942 ## - ADDED ENTRY ELEMENTS (KOHA) | |
| Koha item type | LIBRO |
| 957 ## - | |
| -- | 1 |
| 999 ## - SYSTEM CONTROL NUMBERS (KOHA) | |
| -- | 1 |
| Withdrawn status | Lost status | Damaged status | Not for loan | Home library | Current library | Date acquired | Total Checkouts | Full call number | Date last seen | Price effective from | Koha item type | Public note |
|---|---|---|---|---|---|---|---|---|---|---|---|---|
| Buone Condizioni | Not For Loan | SPICS-MEDIATECA | SPICS-MEDIATECA | 08/03/2013 | G5127 | 08/03/2013 | 08/03/2013 | LIBRO | Progressivo inserimento: 3167 / N. Volumi: 1 Copie: 1 / data import: 1 marzo 2013 - By Epidotti, Trombetti, Vaglietti. |